| 000 | 00820nam a2200265Ia 4500 | ||
|---|---|---|---|
| 003 | OSt | ||
| 005 | 20220926020829.0 | ||
| 006 | a|||||r|||| 00| 0 | ||
| 007 | ta | ||
| 008 | 220923b |||||||| |||| 00| 0 eng d | ||
| 020 |
_a9783540348269 _c3633.27 |
||
| 037 |
_b5655, 10/11/2015, RAJKIRAN BOOK AGENCY _cGeneral Book |
||
| 040 |
_aRTL _cRTL _beng |
||
| 041 |
_2eng _aeng |
||
| 082 | _aX:89K33, P6 | ||
| 100 | _aSTIMSON Robert J. | ||
| 245 | 0 |
_aRegional Economic development _b Analysis and planning strategy. |
|
| 250 | _a2nd | ||
| 260 |
_aNew York _bSpringer _c2002 |
||
| 300 |
_axiv,452p. _ccm. |
||
| 500 | _aBibliography:492-520p. | ||
| 650 | _aGeography | ||
| 942 |
_hX:89K33, P6 _cGB _2CC |
||
| 999 |
_c635066 _d635066 |
||